Statistics for Five Most Populated Cities by Continent on a Map

Click here to take the quiz!

General Stats

  • This quiz has been taken 64 times
  • The average score is 29 of 30

Answers on the Map

Answers color-coded by a green-red scale on the quiz's map according to % correct below.
 

Answer Stats

ContinentPopulationCity% Correct
Europe14.8 milLondon
100%
North America22.1 milNew York City
100%
Europe11.4 milParis
100%
Asia40.4 milTokyo
100%
South America9.60 milBogotá
98%
Africa21.0 milCairo
98%
Asia30.3 milDelhi
98%
Europe16.0 milIstanbul
98%
Asia31.3 milJakarta
98%
Africa13.9 milJohannesburg
98%
North America17.7 milLos Angeles
98%
Europe6.55 milMadrid
98%
North America23.0 milMexico City
98%
Europe17.3 milMoscow
98%
South America13.2 milRio de Janeiro
98%
Oceania5.30 milSydney
98%
Oceania1.41 milAuckland
97%
North America9.75 milChicago
97%
South America10.1 milLima
97%
Oceania4.98 milMelbourne
97%
Oceania2.08 milPerth
97%
North America8.55 milWashington D.C.
97%
South America16.4 milBuenos Aires
95%
South America22.4 milSão Paulo
95%
Asia33.6 milShanghai
95%
Africa19.4 milLagos
93%
Asia46.7 milGuangzhou
91%
Africa12.4 milKinshasa
90%
Oceania3.15 milBrisbane
84%
Africa8.15 milLuanda
83%

Score Distribution

Percentile by Number Answered

Percent of People with Each Score

Your Score History

You have not taken this quiz